[Event "Koop Tjuchem"]
[Site "Groningen"]
[Date "1996.??.??"]
[Round "3"]
[White "Timman, Jan H"]
[Black "Van Wely, Loek"]
[Result "1-0"]
[WhiteElo "2590"]
[BlackElo "2605"]
[Annotator "Stohl,I"]
[PlyCount "135"]
[EventDate "1996.12.20"]
[EventType "tourn"]
[EventRounds "11"]
[EventCountry "NED"]
[EventCategory "16"]
[SourceTitle "CBM 057"]
[Source "ChessBase"]
[SourceDate "1997.04.01"]
[SourceVersion "1"]
[SourceVersionDate "1997.04.01"]
[SourceQuality "1"]

1. d4 {Endspiel-CD} Nf6 2. Nf3 g6 3. Bg5 Bg7 4. c3 $5 {Probably a
psychological calculation. Timman, joint leader with his opponent after 2
rounds, tries to lure the confident and optimistic Van Wely into something
rash by a somewhat passive opening.} ({The immediate} 4. Nbd2 {allows} c5 $5) (
4. e3 O-O 5. Nbd2 d6 6. Bd3 Nbd7 7. O-O e5 8. c3 Qe8 9. dxe5 dxe5 10. Ne4 Nxe4
11. Bxe4 h6 12. Bh4 c6 13. h3 f5 14. Bc2 e4 15. Nd4 Ne5 16. f4 exf3 17. Bb3+
Kh7 18. Nxf3 Be6 19. Bc2 Bc4 20. Re1 g5 21. Nxe5 Qxe5 22. Bf2 Rad8 23. Qc1 Kh8
24. e4 f4 25. Rd1 c5 $17 {Dimitriadi,A-Gadjilu,R/Ano Liosia op/1997/ But you
also can't overdo the passivity as White in this example.}) 4... O-O 5. Nbd2 d6
6. e3 {In keeping with the aforementioned strategy.} ({If White has higher
opening ambitions, then stronger is} 6. e4) 6... Qe8 (6... Nbd7 7. Be2 Qe8 8.
O-O e5 9. dxe5 dxe5 10. e4 Nc5 11. Qc2 Ne6 12. Bh4 Nf4 13. Bc4 N6h5 14. Rfe1
Bg4 15. Bf1 h6 16. Re3 Bd7 17. Nc4 b5 18. Na5 g5 19. Bg3 Qe7 20. b4 c5 21. a3
c4 22. a4 a6 23. Rd1 Be6 $11 {Lukasiewicz,G-Tkachiev,V/Geneva op/1997/ Black
has no problems, but later on he overpressed and lost.}) (6... Nc6 7. Be2 (7.
b4 Qe8 8. b5 Nd8 9. Bc4 e5 10. dxe5 dxe5 11. Qb3 Ne6 12. Bxf6 Bxf6 13. Ne4 Bg7
14. h4 h6 15. g4 b6 16. Bd5 Rb8 17. g5 h5 18. Rd1 Nc5 19. Nxc5 bxc5 20. Bc6 Qe7
21. Qa4 e4 22. Nd2 Bxc3 23. O-O Bxd2 24. Rxd2 a6 25. bxa6 Rb4 26. Qa5 Qe6 27.
Qxc5 Rc4 28. Qb5 Qxc6 {0-1,Shure,G-Fedorowicz,J/New York MCC/1992/}) 7... h6 8.
Bh4 Qe8 9. Qc2 e5 10. dxe5 dxe5 11. e4 Nh5 12. O-O Nf4 13. Bc4 Na5 14. Bg3 b5
15. Bxf4 Nxc4 16. Bg3 Nb6 17. Rfe1 Kh7 18. c4 bxc4 19. Nxc4 f6 20. Nfd2 Be6 21.
f3 Rf7 22. Bf2 Rd8 23. Na5 Qa4 24. Ndb3 Bf8 25. Rec1 h5 26. Nb7 $36 {Gausel,
E-Fedorowicz,J/Stockholm/1990/}) (6... c5 7. Bc4 (7. Be2 cxd4 8. cxd4 Nc6 9.
O-O h6 10. Bxf6 Bxf6 11. Rc1 Bd7 12. a3 a6 13. b4 Rc8 14. Qb3 b5 15. Rc2 Na7
16. Rfc1 Qb6 17. Bd3 Be6 18. Qb1 Bg7 19. h4 Rxc2 20. Rxc2 Rc8 21. Be4 a5 22.
Ne1 axb4 23. axb4 Bc4 24. h5 g5 25. Qc1 e6 26. d5 Qa6 27. dxe6 $13 {1/2,
Andersson,U-Tkachiev,V/Biel op/1994/}) 7... Nc6 8. O-O cxd4 (8... Qc7 9. Re1 b6
10. h3 Bb7 11. e4 e5 12. dxe5 dxe5 13. Bxf6 Bxf6 14. Bd5 Ne7 15. Bxb7 Qxb7 16.
Nc4 Rad8 17. Qe2 Nc6 18. Rad1 Qc7 19. Ne3 Ne7 20. Qc4 $36 {Eperjesi,L-Sziebert,
A/Budapest ExpFS JulIM-B/1993/}) 9. exd4 h6 10. Bh4 Qc7 11. d5 Ne5 12. Bb3 g5
13. Bg3 Bg4 14. h3 Bh5 15. Qe2 Nfd7 16. Qe3 Nxf3+ 17. gxf3 Nc5 18. f4 Nxb3 19.
axb3 Qc5 20. Qxc5 dxc5 21. fxg5 Rfd8 22. c4 hxg5 23. Ne4 Bxb2 24. Ra2 Bd4 25.
Nxg5 b5 $132 {Malaniuk,V-Tkachiev,V/Cappelle la Grande op/1995/}) 7. Bd3 (7.
Be2 e5 8. dxe5 (8. O-O h6 9. Bh4 Bf5 10. a4 Nc6 11. a5 e4 12. Ne1 g5 13. Bg3
Ne7 14. a6 b6 15. Nc2 Bg6 16. Nb4 c5 17. Nc2 Nf5 18. Na3 Rd8 19. Qb3 Qe7 20.
Nb5 h5 21. h3 g4 $13 {Short,N-Kramnik,V/PCA act Moscow/1996/}) 8... dxe5 9. e4
Nbd7 10. b4 h6 11. Bh4 b6 12. O-O Bb7 13. Bxf6 Nxf6 14. Qc2 Qe7 15. Rfe1 Rfd8
16. Bf1 a5 17. a3 Nd7 18. Nc4 axb4 19. axb4 Rxa1 20. Rxa1 Ra8 21. Rxa8+ Bxa8
22. Ncd2 Nf6 23. Bc4 Ne8 24. Qa2 $11 {Malaniuk,V-Nielsen,PH/Lyngby op/1991/})
7... e5 (7... Nfd7 8. e4 e5 9. O-O Nc6 10. dxe5 dxe5 ({Sharper is} 10... Ndxe5
$5) 11. Nb3 a5 12. a4 Nd8 13. Re1 Ne6 14. Be3 Qe7 15. Nfd2 b6 16. f3 Bb7 17.
Qc2 Rad8 18. Bf1 h5 19. Nc4 h4 20. Rad1 Bc6 21. Nc1 Nf4 22. Nd3 Nxd3 23. Rxd3
Nc5 24. Rxd8 Rxd8 25. b3 Bf6 26. Rd1 Rxd1 {1/2,Kovacevic,Sl-Vidarte Morales,A/
Barbera op/1996/}) 8. Qc2 (8. dxe5 dxe5 9. Qc2 Nfd7 10. O-O-O Nc5 11. Bc4 b5
12. Be2 f5 13. h3 a6 14. Nb3 Ne6 15. Bh4 Nd7 16. Na5 Ndc5 17. g4 f4 18. b4 Na4
19. Qe4 Rb8 20. Rd3 c5 21. Kd2 h6 22. Rd6 g5 23. Bd3 Rf6 24. Qh7+ Kf8 25. Nxe5
gxh4 26. Nac6 Rb6 27. Ng6+ Rxg6 28. Bxg6 Rxc6 29. Rd5 Qd7 $1 $40 {Georgieva,
E-Nikolaidis,K/Komotini GP/1993/}) 8... Nh5 {[%cal Rf7f5] /\f5|^} (8... h6 9.
Bxf6 $5 (9. Bh4 Nh5 $13) 9... Bxf6 10. h4 {[%cal Rh4h5] /\h5|^}) 9. e4 f5 $6 {
[%cal Rf5f4] /\f4 It's probably something like thisTimman has been waiting for.
Van Wely goes for it without thinking about development.} ({Suficiently
complicated and less suicidal was} 9... exd4 $5 10. Nxd4 (10. cxd4 $143 f5 11.
e5 Nc6 $1 $36) 10... f5 (10... Nd7 $11) 11. f3 f4 $5 $13 {[%csl Ge5][%cal
Yb8d7,Yd7e5] /\Nd7-e5} (11... fxe4 12. Bc4+ (12. Nxe4 $6 d5 13. Qb3 Qf7 $36)
12... Kh8 13. Qxe4 Nf6 $132 (13... c6 14. O-O d5 15. Qxe8 Rxe8 16. Rfe1 $1 $14
{[%cal Ge1e8] <->e}))) ({More sedate is the solid} 9... Nc6 10. dxe5 Nxe5 $11)
10. dxe5 $8 dxe5 11. exf5 gxf5 12. O-O-O $1 $32 {[%cal Rg2g4] /\g4 This is why
Timman waited with castling. Suddenly all White's pieces are playing and he
has a huge initiative.} e4 $6 {Still in the same optimistic tone} ({The only
chance to slow down White's attack was} 12... h6 13. Bh4 (13. Be3 $5) 13... e4
14. Bc4+ Kh8 (14... Be6 15. Qb3 $1 $36) 15. Nd4 Nc6 $16) 13. Nxe4 $1 fxe4 14.
Bxe4 $40 Nf6 (14... h6 $143 15. Rhe1 (15. Bg6 $6 Qb5 16. Be7 Bf5 $1 $13) 15...
Qb5 16. Bd5+ Kh8 17. Qg6 $40 {gives White a decisive attack.}) 15. Bxf6 Bxf6
16. Rhe1 Qh5 (16... Kh8 $142 $8 17. Bxb7 (17. Bxh7 Qf7 $132) 17... Bxb7 18.
Rxe8 Rxe8 19. Qf5 $16) 17. Qb3+ Kg7 18. Bxb7 Bxb7 19. Qxb7 Qc5 20. Rd5 $5 {
Timman perhaps didn't even calculate the exact consequences of taking the Ra8.
A practical and safe decision, although it's maybe objectively not the best.} (
20. Qxa8 $5 Bxc3 (20... Nc6 $2 21. Rd7+ Kg6 22. Re8 $18) 21. Re2 $5 (21. bxc3
Qxc3+ 22. Kb1 Qb4+ $11) (21. Qd5 $4 Bd2+ $1 $19) (21. Rd5 Bxb2+ $1 (21... Qc4
$2 22. bxc3 Qxc3+ 23. Kd1 $18) 22. Kxb2 Qb4+ 23. Kc2 Qc4+ 24. Kd2 Qb4+ 25. Ke2
Qc4+ 26. Rd3 (26. Ke3 Qf4+ $11) 26... Re8+ 27. Kd2 Qxa2+) 21... Bxb2+ 22. Kb1 (
22. Kxb2 $5 Qb5+ 23. Ka1 Qxe2 24. Qd5 $40) 22... Bf6 23. Qd5 $16) 20... Qc6 21.
Qxc6 Nxc6 22. Rc5 $18 {Four pawns for a piece should be enough to win the
endgame, but White must show some patience and technique.} Nd8 23. Rxc7+ Rf7
24. Rc4 $5 {[%csl Gc4] Timman doesn't want to exchange his active R.} Rb8 25.
Re2 Rb5 26. Kc2 Rf5 {Black's task is difficult. He has no concrete plan and
can only hope he can attack and blockade the White 's pawns, if they advance
without due preparation.} (26... Rfb7 27. b4 a5 28. a4 $18) 27. Nd2 Re5 28.
Rce4 $1 {Although exchanges favour White, Timman wants to achieve them at his
terms, by centralizing his pieces.} ({The immediate} 28. Rxe5 Bxe5 {forces the
unharmonious} 29. Nf3 {after which the pawns are slowed down consideerably.})
28... Rc5 29. Re8 {[%cal Rd2e4] /\Ne4+-} Rcc7 30. R8e4 Nc6 31. Rc4 Rfd7 32. Re6
{Now is the right moment!} Nd8 33. Rxc7 Rxc7 34. Re4 h5 35. Nc4 Kg6 36. Ne3 Rd7
37. f4 Nc6 38. g3 Ne7 39. h3 Nf5 40. g4 Nxe3+ 41. Rxe3 hxg4 42. hxg4 Rd6 (42...
Rh7 $2 43. Re6 Kf7 44. Ra6 {loses the last pawn.}) 43. a4 ({Premature is} 43.
Re6 $2 Rxe6 44. f5+ Kg5 45. fxe6 Kxg4 $11) 43... Bd8 44. b4 $5 (44. Rd3 Bc7 45.
Rxd6+ Bxd6 46. f5+ Kg5 47. Kd3 Kxg4 48. Ke4 a5 $1 {still creates unpleasant
technical problems. Timman strengthens his position.}) 44... Rf6 45. Re8 (45.
Re4 $5 Bc7 46. f5+ Kg5 47. a5 Bf4 48. Re6 {also wins, for example} Rxe6 49.
fxe6 Kf6 50. c4 Kxe6 51. a6 $1 Kd6 52. Kd3 Kc6 53. Ke4 Bd2 54. b5+ Kc5 55. Kf5
Be3 56. g5 Kxc4 57. g6 Bd4 58. b6 $18) 45... Bc7 46. Re7 Rc6 47. Kd3 $2 {
A mistake.} (47. Kb3 $18 {wins easily.}) 47... Bxf4 48. Rxa7 Be5 49. c4 Rd6+
50. Kc2 {With the K on b3 it would be child's play, now suddenly it's not easy
at all.} (50. Ke4 $143 Bc3 $1 {[%cal Rc3b4,Rd6d4] /\Bb4,Rd4}) 50... Rd4 51. a5
$5 (51. Kb3 $2 Rd3+ 52. Ka2 Rd2+ 53. Kb1 Rd4 $1 $11) (51. Ra6+ Kg5 52. Rc6 Rxg4
{[%cal Rg4g3] /\Rg3 and with the K cut off White's winning chances are small.})
51... Rxc4+ 52. Kb3 Rxg4 53. a6 {Now White has only 2 pawns left for the B,
but his pieces cooperate well and Black must yet stop the passed pawns.} Rg1 (
53... Rg3+ 54. Ka4 $18) (53... Bd4 54. Rd7) 54. Ra8 Ra1 (54... Kg7 55. a7 Ra1 (
55... Bd4 56. Rg8+ $18) 56. Re8 Rxa7 57. Rxe5 Kf6 58. Re1 Rb7 59. Kc4 Rc7+ 60.
Kd5 Rb7 61. Kc5 Rc7+ 62. Kb6 $18 {Black's K is too far away.}) 55. Kc4 (55. a7
$2 Kf7 $1 $11) (55. b5 $142 Bd4) 55... Kf7 56. Kd5 Bg3 57. b5 Bf2 (57... Rd1+
58. Kc6 Rc1+ 59. Kb7 Rc7+ 60. Kb6 Re7 61. a7 Bf2+ 62. Ka6 {[%cal Rb5b6,Ra8f8] /
\b6,Rf8 doesn't help.}) (57... Bf4 $5 58. b6 Rb1 59. Kc6 $5 (59. b7 Rb6 60. a7
Rxb7 61. Rf8+ Kxf8 62. a8=Q+ Rb8) 59... Rc1+ (59... Be3 60. b7 Rb6+ 61. Kc7 $18
) 60. Kb7 Be3 61. Rd8 $1 (61. a7 $2 Rb1 $11) 61... Rb1 (61... Bxb6 62. Kxb6
Rb1+ 63. Kc7 Rc1+ 64. Kb7 Rb1+ 65. Ka8 Ke7 66. Rb8 $18) 62. Rd6 Ke7 63. Rc6 $18
) 58. Rh8 Ke7 (58... Kg7 59. Rh2 $18) 59. Kc6 Ra5 (59... Rc1+ 60. Kb7 Rb1 61.
Rh5 Ra1 62. b6 Rb1 63. Rh6 $18) 60. Rh2 Bg1 (60... Bg3 61. Re2+ Kd8 62. Kb6 Ra1
63. a7 $18 {[%cal Rb6b7] /\Kb7}) 61. Rh1 Bf2 62. Rf1 Bd4 63. Rb1 $1 {Finally
the pawns are ready to go after Kb7.} Ra2 64. Kb7 Rd2 (64... Kd6 65. b6 Rf2 66.
a7 Rf7+ 67. Ka6 $18) 65. a7 (65. b6 Bxb6 66. Rxb6 Rd7+ 67. Kc6 $18 {also
suffices.}) 65... Bxa7 66. Kxa7 Rd7+ 67. Ka6 Kd8 (67... Rd6+ 68. b6 Kd8 69. Ka7
Rd2 70. Ra1 $1 $18) (67... Rd3 {Endspiel-CD} 68. b6 Ra3+ 69. Kb7 Kd7 70. Rd1+
Ke6 71. Kb8 Ra2 72. b7 Ke7 73. Rd4 $19) 68. Rc1 $1 {Not the only move, but the
simplest.} (68. b6 Kc8 {[%cal Rc8b8] /\Kb8=} 69. Rh1 $8 (69. Re1 {Endspiel-CD}
Rd8 70. Ka7 Rd7+ 71. Ka8 $18) (69. b7+ $4 Kb8 $11) 69... Rd8 70. Ka7 Rd7+ 71.
Ka8 $1 $18) (68. Rc1 {Endspiel-CD} Rd4 69. b6 Ra4+ 70. Kb7 Kd7 71. Kb8 Kd8 72.
Rc8+ Kd7 73. Rc7+ Kd8 74. Ra7 Rc4 75. b7 $18) 1-0

[Event "EU-chT (Men) 11th"]
[Site "Pula"]
[Date "1997.05.??"]
[Round "3.1"]
[White "Guliev, Sarhan"]
[Black "Timman, Jan H"]
[Result "0-1"]
[WhiteElo "2425"]
[BlackElo "2630"]
[PlyCount "150"]
[EventDate "1997.05.05"]
[EventType "team-swiss"]
[EventRounds "9"]
[EventCountry "CRO"]
[SourceTitle "CBM 057 Extra"]
[Source "ChessBase"]
[SourceDate "1997.05.01"]
[SourceVersion "1"]
[SourceVersionDate "1997.05.01"]
[SourceQuality "1"]
[WhiteTeam "Azerbaijan"]
[BlackTeam "Netherlands"]
[WhiteTeamCountry "AZE"]
[BlackTeamCountry "NED"]

1. d4 Nf6 2. c4 e6 3. Nc3 Bb4 4. e3 O-O 5. Nge2 d5 6. a3 Be7 7. cxd5 exd5 8. g3
c6 9. Bg2 Na6 10. O-O Nc7 11. Nf4 a6 12. Nd3 Nb5 13. Ne5 Re8 14. a4 Nd6 15. b4
Be6 16. a5 Nde4 17. Qb3 Bd6 18. Na4 Bc7 19. f3 Nd6 20. Nc5 Qc8 21. Qd1 Bh3 22.
Ra2 Bxg2 23. Rxg2 Nf5 24. f4 Nd6 25. g4 Nfe4 26. Ncd3 f6 27. Nf3 Nc4 28. Qe1
Kh8 29. Qh4 Qd7 30. g5 fxg5 31. fxg5 Kg8 32. g6 h6 33. Nfe5 Bxe5 34. dxe5 Qe7
35. Qh5 Rf8 36. Rf7 Rxf7 37. gxf7+ Qxf7 38. Qxh6 Re8 39. h4 Re6 40. Qf4 Qh5 41.
Kh2 Re8 42. Qg4 Qxg4 43. Rxg4 Nxe5 44. Nxe5 Rxe5 45. Bb2 Re7 46. Bd4 Nd6 47.
Rg5 Rf7 48. Kh3 Nf5 49. Bc5 Rf6 50. h5 Kh7 51. Kg4 Nh6+ 52. Kg3 Nf7 53. Rg4 Nd6
54. Kh4 Kh6 55. Rg1 Nf5+ 56. Kg4 g5 57. e4 dxe4 58. Rd1 Nh4 59. Rd6 Rxd6 60.
Bxd6 Nf3 61. Bf8+ Kh7 62. Bc5 Kg7 63. Kf5 Kh6 64. Kxe4 g4 65. Kf5 Kxh5 66. Ke6
Ne1 67. Kd7 Nd3 68. Bg1 Nxb4 69. Kc7 g3 70. Kxb7 Kg4 71. Kb6 Kf3 72. Kc5 Kg2
73. Bd4 Nd3+ 74. Kxc6 Kf1 75. Kb6 g2 0-1

[Event "Bundesliga 9798"]
[Site "Germany"]
[Date "1998.04.25"]
[Round "14.4"]
[White "Piket, Jeroen"]
[Black "Timman, Jan H"]
[Result "0-1"]
[WhiteElo "2630"]
[BlackElo "2625"]
[PlyCount "82"]
[EventDate "1997.10.18"]
[EventType "team-tourn"]
[EventRounds "15"]
[EventCountry "GER"]
[SourceTitle "GER-chT"]
[Source "ChessBase"]
[SourceDate "1999.07.01"]
[SourceVersion "1"]
[SourceVersionDate "1999.07.01"]
[SourceQuality "1"]
[WhiteTeam "Solingen"]
[BlackTeam "Porz"]
[WhiteTeamCountry "GER"]
[BlackTeamCountry "GER"]

1. Nf3 Nf6 2. c4 e6 3. Nc3 Bb4 4. g3 O-O 5. Bg2 d5 6. Qb3 Nc6 7. a3 Be7 8. d3
d4 {Multimedia Dateien nicht kopiert} 9. Na4 e5 10. O-O Rb8 11. Qc2 a5 12. Rb1
Bd7 13. Bg5 (13. e3) 13... Ng4 14. Bd2 (14. Nc5 Bc8 15. Bxe7) 14... Qe8 15. h3
Nf6 16. Rfe1 Rd8 17. c5 h6 18. b4 Nxb4 19. axb4 Bxa4 20. Qb2 axb4 21. Bxb4 Bc6
22. Nxe5 Bxg2 23. Kxg2 Nd5 24. Qxd4 Bg5 25. Qe4 Nxb4 26. Rxb4 Bd2 27. Reb1 Bxb4
28. Rxb4 Qe6 29. Rxb7 Rfe8 30. Nc6 Rd7 31. Qxe6 Rxe6 32. Nb8 Rd5 33. Rxc7 Rxe2
34. Nd7 f6 35. c6 Rf5 36. Rc8+ Kf7 37. h4 Rfxf2+ 38. Kg1 Rg2+ 39. Kh1 Rh2+ 40.
Kg1 Reg2+ 41. Kf1 Rc2 0-1

[Event "Hoogovens"]
[Site "Merrillville"]
[Date "1997.11.28"]
[Round "1"]
[White "Van Wely, Loek"]
[Black "Timman, Jan H"]
[Result "0-1"]
[WhiteElo "2655"]
[BlackElo "2625"]
[Annotator "Hansen,Cu"]
[PlyCount "142"]
[EventDate "1997.11.28"]
[EventType "tourn"]
[EventRounds "5"]
[EventCountry "USA"]
[EventCategory "15"]
[SourceTitle "CBM 062"]
[Source "ChessBase"]
[SourceDate "1998.01.31"]
[SourceVersion "1"]
[SourceVersionDate "1998.01.31"]
[SourceQuality "1"]

1. d4 Nf6 2. c4 e6 3. Nc3 Bb4 4. Qc2 O-O 5. a3 Bxc3+ 6. Qxc3 b6 7. Bg5 Bb7 8.
e3 d6 9. f3 Nbd7 10. Nh3 c5 11. dxc5 dxc5 (11... bxc5 12. Be2 {Has been played
in quite a few games. Two of the most wellknown are:} Qb6 (12... a5 13. Rd1 h6
14. Bf4 d5 15. O-O Qb6 16. Bg3 Ba6 17. Rf2 $1 $14 {Karpov,An-Andersson,U/
Haninge (05) 1990}) 13. O-O d5 14. Rad1 Bc6 15. Nf2 h6 16. Bh4 Ba4 17. Rd2 Bb3
18. Ng4 $5 {Kasparov,G-Karpov,An/Las Palmas (09) 1996}) 12. Bd3 Qc7 13. O-O
Rae8 14. Rad1 $14 {^^} Bc6 15. Bc2 h6 16. Bh4 e5 {Black is trying to restrict
the white bishops without weakening his position.} 17. Nf2 e4 18. f4 {The
advance of the e-P has given Bc2 less space. However white has gotten control
of the /^ a1-h8 and has some good posibilies of building op on the K-side with
g2-g4 or to build up in the <->-d. Because of the Bh4 it is difficult for
black to oppose white with his Rs in the <->-d.} b5 19. b3 bxc4 20. bxc4 Re6
21. Rd2 Rd6 {Clever play. One R is exchanged without moving Nd7/Nf6. The 2 Ns
are optimal placed for defence and should if possible stay where they are.} 22.
Rfd1 Rxd2 23. Rxd2 Re8 24. g4 Nh7 {[%cal Yh7f8,Yf8g6,Yf8e6] Black does not
want to wait for an eventual g4-g5 - possibly prepared by Bh4-g3, and h2-h4 -
but tries to get counterplay by Nh7-f8-g6.} 25. Bg3 Nb6 26. g5 (26. h4 $5 {
/\Kh2+g4-g5}) 26... hxg5 27. fxg5 Qe7 28. h4 Nf8 29. Rd6 Bb7 30. a4 {White has
a big ()(spaceadvantage) but he still has not consolidated his postion. He
needs to activate Nf2, Bc2 and protect the c4-P.} (30. Ng4 Ng6 {/\Nxh4}) 30...
Ng6 31. a5 (31. Rd1 $5 Qe6 $132) 31... Nxh4 32. Bxh4 (32. axb6 Nf5) 32... Qxd6
33. axb6 axb6 34. Kg2 Qe6 $6 {In the following moves white manages to improve
the position of his pieces considerably. He plays Bh4-g3 and Kg3. Maybe black
should have tried to prevent that by} (34... Qg6 $5 {/\Kg8-h7 + Re8-h8 !?}) 35.
Bg3 Ba6 36. Bb3 Rd8 37. Bf4 Rd7 38. Kg3 Rd8 39. Qc2 Bb7 40. Ba4 Ba6 41. Bb3 Bb7
42. Qb1 Re8 43. Ba4 Rf8 44. Bc2 Qxc4 $6 (44... Re8 {Passive but the
gamecontination is bad}) 45. Nxe4 Rd8 (45... Qd5 46. Qxb6) 46. g6 $1 {/\gxf7+
and Bb3} Bxe4 47. Bxe4 Qe6 48. Bf5 Qc6 (48... Qf6 49. Qe4 $36 {/\Kg4}) 49. Qa2
c4 50. gxf7+ Kxf7 51. Qh2 Rf8 52. Qh5+ Ke7 53. Bg5+ Rf6 54. Qg6 Kf8 55. Bxf6
gxf6 56. Qh6+ Ke7 57. Qg7+ Kd8 58. Qf8+ Kc7 59. Qe7+ Kb8 60. Kf4 $2 {White is
a piece up and certainly better. Could he win? Well of course one should not
be too critical in the suddendeath part of the game. Probably the two players
were short of time. However I would still like to point that the textmove is
principally wrong. The white K should head in another direction:} (60. Kf2 $1 {
[%cal Yf2e1,Ye1c3] /\Ke1-d2-c3 +- This manouvre seems to win quite easily. Not
only is the idea in itself very strong. Black does not seem to have any
construktive move:} b5 (60... Qc7 61. Qe8+ Ka7 62. Be4 Qh2+ 63. Bg2 $18) 61.
Bd7 Qd5 (61... Qc7 62. Qe8+ Kb7 63. Bxb5 Qh2+ 64. Ke1 $18) 62. Qd8+ Ka7 63.
Qc7+ $18) 60... b5 61. Qd8+ Ka7 62. Be4 Qc5 63. Qxf6 b4 64. Qd4 Kb6 65. Bf5 b3
66. Ke4 Kb5 67. Qc3 Qe7+ 68. Kf3 Qd6 69. Be4 Qe6 70. Qd4 Kb4 $14 71. Qb6+ $4
Qxb6 0-1

[Event "NED-ch53"]
[Site "Rotterdam"]
[Date "1998.06.22"]
[Round "2"]
[White "Van der Wiel, John"]
[Black "Timman, Jan H"]
[Result "0-1"]
[WhiteElo "2525"]
[BlackElo "2635"]
[Annotator "Dautov,R"]
[PlyCount "68"]
[EventDate "1998.06.21"]
[EventType "tourn"]
[EventRounds "11"]
[EventCountry "NED"]
[EventCategory "12"]
[SourceTitle "CBM 066"]
[Source "ChessBase"]
[SourceDate "1998.09.30"]
[SourceVersion "1"]
[SourceVersionDate "1998.09.30"]
[SourceQuality "1"]

1. e4 c6 2. Nc3 d5 3. Nf3 Bg4 4. h3 Bxf3 5. Qxf3 Nf6 6. d3 e6 7. Bd2 Nbd7 8. g4
g6 9. Qg3 (9. Qg2 Bd6 10. f4 d4 11. Ne2 e5 12. fxe5 Bxe5 13. g5 Nh5 14. O-O-O
O-O 15. h4 f5 16. exf5 Rxf5 17. Qg1 $1 Nc5 18. Bh3 $14 {van der Wiel,J-van Mil,
J/Nederland (ch) 1991}) (9. h4 Bb4 10. a3 Ba5 11. Bh3 d4 12. Nb1 Bxd2+ 13. Nxd2
Qc7 14. O-O-O $14 {Tseshkovsky,V-Razuvaev,Y/Vilnius URS-ch/1980}) 9... d4 $5
$146 (9... Bg7 10. Bg2 Qb6 11. Rb1 O-O-O 12. a4 Qc7 13. Qxc7+ Kxc7 14. O-O h5
15. g5 Ne8 16. exd5 cxd5 17. Bf4+ Be5 $11 {Prandstetter,E-Plachetka,J/Ostrava
1976}) 10. Ne2 (10. Nd1 $2 {פd1} e5 $5 11. f4 Bd6 12. f5 gxf5 13. gxf5 Qb6 $15
{/\0-0-0}) 10... Qb6 11. O-O-O (11. Rb1 O-O-O (11... Bb4 $6 12. c3 dxc3 $4 13.
bxc3 $18) (11... Qa6 12. a3 Qb6 13. Bg2 Bxa3 $6 14. Nxd4 Bxb2 15. Ne2 $16) 12.
Bg2 $13) 11... O-O-O 12. Qf3 $6 (12. f4 $2 Nc5 $40 {/\Na4}) (12. Kb1 $5 Bg7 (
12... Ba3 13. Bc1) (12... Nc5 13. Bg5 Be7 14. Qf3 $13) 13. Bg2 Nc5 14. Ka1 Na4
15. Rb1 $13) 12... Bg7 13. g5 Nh5 $1 (13... Ne5 $6 14. Qg2 Nh5 15. f4 $14) 14.
Qxf7 c5 15. Qf3 $8 Rhf8 16. Qg2 c4 $1 $40 17. Kb1 $8 (17. dxc4 $2 d3 18. Nc3
Rxf2 19. Qg1 dxc2 20. Kxc2 Bd4 $19) (17. f4 $2 c3 18. bxc3 dxc3 19. Bxc3 Nxf4
$19) 17... c3 18. Bc1 cxb2 19. Bxb2 Nc5 20. Ka1 Be5 $1 {><f4} 21. Rb1 Qb4 $2 (
21... Qa5 $142 $44) 22. f4 $2 (22. Bc3 $1 Qa4 (22... Qxb1+ $5 23. Kxb1 dxc3 24.
f3 Nf4 25. Qf2 b6 $44) 23. Bb4 b6 (23... Bd6 $2 24. e5 $18) 24. Rb2 $13) 22...
Nxf4 $17 23. Qg4 Nxe2 24. Bxe2 Rd6 25. a3 (25. Rhf1 Rfd8 26. Rf7 Ra6 $17) 25...
Ra6 26. Ka2 Qd2 27. Rhf1 Rd8 28. Rfc1 $2 (28. Bd1 Na4 $17) 28... Na4 $19 29.
Ba1 Kb8 30. Qf3 Bd6 31. Rxb7+ Kxb7 32. e5+ Kb8 33. Rb1+ Rb6 34. Rxb6+ Nxb6 0-1